书目信息 |
| 题名: |
现代体育理论教程
|
|
| 作者: | 吕晓林 , 王垚 , 史维娜 主编 | |
| 分册: | ||
| 出版信息: | 北京 电子工业出版社 2014 |
|
| 页数: | 217页 | |
| 开本: | 26cm | |
| 丛书名: | ||
| 单 册: | ||
| 中图分类: | G80 | |
| 科图分类: | ||
| 主题词: | 体育理论--教材 | |
| 电子资源: | ||
| ISBN: | 978-7-121-24039-3 | |
| 000 | 00978nam0 2200265 450 | |
| 001 | 720 | |
| 005 | 20160908095610.57 | |
| 010 | @a978-7-121-24039-3@dCNY32.00 | |
| 100 | @a20140928d2014 em y0chiy50 ea | |
| 101 | 0 | @achi |
| 102 | @aCN@b110000 | |
| 105 | @aa z 000yy | |
| 200 | 1 | @a现代体育理论教程@9xian dai ti yu li lun jiao cheng@f吕晓林,王垚,史维娜主编 |
| 210 | @a北京@c电子工业出版社@d2014 | |
| 215 | @a217页@c图@d26cm | |
| 312 | @a封面英文题名:Modern physical theory | |
| 330 | @a本书坚持以基础理论——基本知识——基本素质——基本技能为主线,以身体练习为主要手段,以提高学生体育文化素质为重点,涉及篮球、排球、足球、网球、羽毛球、乒乓球、田径、轮滑、游泳等。 | |
| 510 | 1 | @aModern physical theory@zeng |
| 606 | 0 | @a体育理论@j教材 |
| 690 | @aG80@v5 | |
| 701 | 0 | @a吕晓林@9lv xiao lin@4主编 |
| 701 | 0 | @a王垚@9wang yao@f(1983~)@4主编 |
| 701 | 0 | @a史维娜@9shi wei na@f(1980~)@4主编 |
| 801 | 0 | @aCN@b唐山师范学院图书馆@c20160723 |
| 905 | @aZUCC@dG80@e484 | |
| 现代体育理论教程/吕晓林,王垚,史维娜主编.-北京:电子工业出版社,2014 |
| 217页:图;26cm |
| ISBN 978-7-121-24039-3:CNY32.00 |
| 本书坚持以基础理论——基本知识——基本素质——基本技能为主线,以身体练习为主要手段,以提高学生体育文化素质为重点,涉及篮球、排球、足球、网球、羽毛球、乒乓球、田径、轮滑、游泳等。 |
| ● |
| 相关链接 |
|
|
|
|
正题名:现代体育理论教程
索取号:G80/484
 
预约/预借
| 序号 | 登录号 | 条形码 | 馆藏地/架位号 | 状态 | 备注 |
| 1 | 903147 | 209031475 | 第一样本阅览室/ [索取号:G80/484] | 在馆 | |
| 2 | 903148 | 209031484 | 第四借阅区/ [索取号:G80/484] | 在馆 | |
| 3 | 903149 | 209031493 | 第四借阅区/ [索取号:G80/484] | 在馆 | |
| 4 | 903150 | 209031509 | 第四借阅区/ [索取号:G80/484] | 在馆 |